Datum a čas kvízu
35.5
Celkem bodů
Celkový počet nahraných bodů na tomto kvízu bez doplňovacích otázek.
2.
Pořadí na kvízu
Konečné umístění týmu na tomto kvízu.
Zaznamenané odpovědi
| # | Otázka | Odpověď | Body | Výsledky |
|---|---|---|---|---|
| 1. | Jedné z osobností, o níž se v... | Roman Prymula | 1 | |
| 2. | Občané jedné evropské země v c... | Itálie | 1 | |
| 3. | V pondělí bylo v pražském hist... | Divadlo Lucie Bílé | 0 | |
| 4. | Velká potravinářská společnost... | PepsiCo | 0 | |
| 5. | Jak se jmenuje dánský fotbalov... | FC Midtjylland (čteme mitjulend) | 1 | |
| 6. | Podle zdroje vody se rybníky d... | říční rybník | 0 | |
| 7. | Na obrázku vidíme dravou rybu,... | candát | 0 | |
| 8. | Jak se jmenuje červeně vyznače... | Svět | 0 | |
| 9. | Většina rybníků disponuje jist... | česle / česlice | 0 | |
| 10. | Dle návrhu Štěpánka Netolickéh... | Zlatá stoka | 1 |